000
00172nam a22000857a 4500
082
_a
621.37434303BOU
100
_a
Bourns
245
_a
The pointiometer handbook
942
_c
BK
999
_c
15223
_d
15223